<?xml version="1.0" encoding="UTF-8"?><marc:collection xmlns:marc="http://www.loc.gov/MARC21/slim">
  <marc:record>
    <marc:leader>00000nam  2200000za 4500</marc:leader>
    <marc:controlfield tag="001">9.694375</marc:controlfield>
    <marc:controlfield tag="003">CaOODSP</marc:controlfield>
    <marc:controlfield tag="005">20210624234104</marc:controlfield>
    <marc:controlfield tag="007">cr |||||||||||</marc:controlfield>
    <marc:controlfield tag="008">150407|2005||||xxc|||||o    f|0| 0 eng d</marc:controlfield>
    <marc:datafield tag="040" ind1=" " ind2=" ">
      <marc:subfield code="a">CaOODSP</marc:subfield>
      <marc:subfield code="b">eng</marc:subfield>
    </marc:datafield>
    <marc:datafield tag="043" ind1=" " ind2=" ">
      <marc:subfield code="a">n-cn---</marc:subfield>
    </marc:datafield>
    <marc:datafield tag="086" ind1="1" ind2=" ">
      <marc:subfield code="a">T46-14/2005E-PDF</marc:subfield>
    </marc:datafield>
    <marc:datafield tag="110" ind1="1" ind2=" ">
      <marc:subfield code="a">Canada. </marc:subfield>
      <marc:subfield code="b">Transport Canada. </marc:subfield>
      <marc:subfield code="b">Policy and Coordination.</marc:subfield>
    </marc:datafield>
    <marc:datafield tag="245" ind1="1" ind2="0">
      <marc:subfield code="a">Operating costs of trucks in Canada, 2005 / </marc:subfield>
      <marc:subfield code="h">[electronic resource]</marc:subfield>
      <marc:subfield code="c">Prepared for the Economic Analysis Directorate by Logistic Solution Builders Inc. </marc:subfield>
    </marc:datafield>
    <marc:datafield tag="260" ind1=" " ind2=" ">
      <marc:subfield code="a">Ottawa - Ontario : </marc:subfield>
      <marc:subfield code="b">Transport Canada. </marc:subfield>
      <marc:subfield code="c">2005.</marc:subfield>
    </marc:datafield>
    <marc:datafield tag="300" ind1=" " ind2=" ">
      <marc:subfield code="a">78p.</marc:subfield>
      <marc:subfield code="b">coloured figs., graphs, tables, photographs</marc:subfield>
    </marc:datafield>
    <marc:datafield tag="500" ind1=" " ind2=" ">
      <marc:subfield code="a">"These efforts apply a detailed generalized costing methodology, to describe typical motor carrier operations, on a regional basis. In these analyses, the implications of various regulatory and operational factors across the country are explored for both dry freight and bulk carriers, for a number of commonly used vehicle configurations."--Page v. Prepared for the Motor Carrier Policy and Programs by Trimac Consulting Services Ltd. Issued by Policy and Coordination.</marc:subfield>
    </marc:datafield>
    <marc:datafield tag="500" ind1=" " ind2=" ">
      <marc:subfield code="a">"This 2005 edition of Operating Costs of Trucks in Canada is the latest edition in a report series sponsored by Transport Canada since 1972. Prior editions are available from Transport Canada. The most recent prior edition is the 2003 study."--Page 4 of 78, Executive summary.</marc:subfield>
    </marc:datafield>
    <marc:datafield tag="520" ind1="3" ind2=" ">
      <marc:subfield code="a">These efforts apply a detailed generalized costing methodology, to describe typical motor carrier operations, on a regional basis. In these analyses, the implications of various regulatory and operational factors across the country are explored for both dry freight and bulk carriers, for a number of commonly used vehicle configurations.--Page v</marc:subfield>
    </marc:datafield>
    <marc:datafield tag="590" ind1=" " ind2=" ">
      <marc:subfield code="a">11-05-Supp</marc:subfield>
      <marc:subfield code="b">2011-03-15</marc:subfield>
    </marc:datafield>
    <marc:datafield tag="690" ind1="0" ind2="7">
      <marc:subfield code="a">Trucks</marc:subfield>
      <marc:subfield code="2">gcpds</marc:subfield>
    </marc:datafield>
    <marc:datafield tag="690" ind1="0" ind2="7">
      <marc:subfield code="a">Costs</marc:subfield>
      <marc:subfield code="2">gcpds</marc:subfield>
    </marc:datafield>
    <marc:datafield tag="775" ind1="0" ind2="8">
      <marc:subfield code="t">Frais d'exploitation des camions au Canada, 2005 / </marc:subfield>
      <marc:subfield code="w">(CaOODSP)9.638553</marc:subfield>
    </marc:datafield>
    <marc:datafield tag="856" ind1="4" ind2="0">
      <marc:subfield code="a">http://publications.gc.ca</marc:subfield>
      <marc:subfield code="q">PDF</marc:subfield>
      <marc:subfield code="s">1075 KB</marc:subfield>
      <marc:subfield code="u">https://publications.gc.ca/collections/collection_2011/tc/T46-14-2005-eng.pdf</marc:subfield>
    </marc:datafield>
    <marc:datafield tag="986" ind1=" " ind2=" ">
      <marc:subfield code="a">T8080-05-0242</marc:subfield>
    </marc:datafield>
  </marc:record>
</marc:collection>
